Statistics for Best NBA Players at Colleges in Michigan

Click here to take the quiz!

General Stats

  • This quiz has been taken 6 times
  • The average score is 8 of 55

Answer Stats

NBA TeamsAnswer% Correct
WarriorDraymond Green
83%
Wizards, Magic, Warriors, Kings, 76ers, PistonsChris Webber
67%
MagicFranz Wagner
67%
Nuggets, Pacers, Bulls, Raptors, Knicks, SunsJalen Rose
50%
GrizzliesJaren Jackson Jr.
50%
Wizards, Mavericks, Nuggets, Magic, Hornets, Heat, BlazersJuwan Howard
50%
LakersMagic Johnson
50%
Magic, WizardsMoritz Wagner
50%
Lakers, Bulls, Knicks, WarriorsCazzie Russell
33%
Hawks, HeatSteve Smith
33%
Knicks, Hawks, MavericksTim Hardaway Jr.
33%
SpursBryn Forbes
17%
Pacers, NetsCaris LeVert
17%
ClippersChris Kaman
17%
HeatDuncan Robinson
17%
BucksEarl Boykins
17%
Nuggets, MagicGary Harris
17%
WarriorsGlenn Robinson III
17%
WarriorsJason Richardson
17%
WarriorsJordan Poole
17%
HornetsMiles Bridges
17%
MagicScott Skiles
17%
Jazz, Wizards, Knicks, Mavericks, 76ersTrey Burke
17%
Blazers, Grizzlies, KingsZach Randolph
17%
76ersAaron Henry
0%
TimberwolvesAdreian Payne
0%
WizardsCassius Winston
0%
Suns, HeatDan Majerle
0%
KingsDan Roundfield
0%
Knicks, PistonsDave DeBusschere
0%
BullsDenzel Valentine
0%
Bucks, RocketsDJ Wilson
0%
WarriorsEkpe Udoh
0%
76ers, NuggetsEric Snow
0%
Clippers, BlazersGary Grant
0%
Spurs, BullsGeorge Gervin
0%
Lakers, Hornets, Heat, Knicks, Rockets, ClippersGlen Rice
0%
Clippers, Knicks, Hawks, LakersJamal Crawford
0%
CavaliersKay Felder
0%
Lakers, HeatKendrick Nunn
0%
BlazersKen Johnson
0%
Hawks, KnicksKevin Willis
0%
LakersMax Christie
0%
RaptorsMorris Peterson
0%
Kings, KnicksNik Stauskas
0%
End of Michigan State, start of Detroit Mercy (dont answer these questions btw)Nothing
0%
End of Detroit Mercy, start of Central MichiganNothing
0%
End of Central Michigan, Start of Eastern MichiganNothing
0%
End of Michigan University players, start of Michigan StateNothing
0%
End of Eastern Michigan, start of OaklandNothing
0%
NuggetsRalph Simpson
0%
RocketsRudy Tomjanovich
0%
LakersShannon Brown
0%
SonicsSpencer Haywood
0%
GrizzliesXavier Tillman
0%

Score Distribution

Percentile by Number Answered

Percent of People with Each Score

Your Score History

You have not taken this quiz